000 00256nam a2200085Ia 4500
245 0 _aAm I a lion that eats people?
100 _a SCHERMBRUCKER, Reviva Landsdowne [Cape Town], 2004
_9101013
942 _cBK
008 210818s9999 xx 000 0 und d
999 _c435749
_d435748